1201 1972 1494 1346 1681 1100 1788 1752 1318 1296 1790 1230 1470 1848 1044 1050 1831 1880 1917 1053 1657 1414 1442 1896 1375 1266 1008 1475 1241 1335 1164 1531 1408 1319 1637 1922 1526 1738 1503 1728 1826 1042 1490 1312 1840 1017 1032 2000 1960 1765 1692 1890 1022 1186 1261 1403 1908 1921 1964 1130 1880 1809 1696 1353 1127 1252 1805 1037 1769 1352 1137 1117 1201 1443 1271 1969 1721 1063 1585 1072 1534 1532 1466 1165 1793 1265 1272 1975 1421 1638 1991 1842 1384 1127 1321 1682 1524 1193 1783 BCNSPRNW ULIB Ver.6.0+V

เปลี่ยนเป็นภาษาไทย

Change to English
 แสดงรายละเอียดบรรณานุกรม
  กลับหน้าหลัก

Brief Record : Get Marc (ISO 2709) : E-mail record : QR code < ปิดหน้าต่าง
LEADER : 00000nam 2200000uu 4500
001    13399128449
003     ULIB
008    230829s2565||||th 000 0 tha d
020    ^a9786164685246
060 04 ^aQU145^bจ483ก
100 0  ^aจินตนา สุวิทวัส
245 10 ^aการประเมินภาวะโภชนาการ /^cโดย จินตนา สุวิทวัส
250    ^aพิมพ์ครั้งที่ 5
260    ^aขอนแก่น ;^bคณะพยาบาลศาสตร์ มหาวิทยาลัยขอนแก่น,^c2565
300    ^aฎ, 137 แผ่น :^bภาพประกอบ ;^c26 ซม.
504    ^aมีบรรณานุกรมและดัชนี
650  2 ^aNutritional Status
650  4 ^aภาวะโภชนาการ
710 2  ^aมหาวิทยาลัยขอนแก่น.^bคณะพยาบาลศาสตร์
945    ^p250^l0^i29650
945    ^p250^l0^i29651
999    ^aกัณชพร จุลอักษร
รายการนี้ยังไม่มีแท็ก
คุณยังไม่ได้ล็อกอิน คุณสามารถมีกิจกรรมร่วมกับเว็บไซต์ได้ แต่ต้องล็อกอินก่อน ::
  ล็อกอิน

รายการสื่อสารสนเทศ

ลำดับที่ ประเภท เลขเรียก/บาร์โค้ด สถานที่ สถานะ
1. หนังสือสำรอง
หนังสือสำรอง
QU145 จ483ก ฉ.1 
  Barcode: 29650
ห้องสมุดวิทยาเขตนครสวรรค์
►หนังสือทั่วไป:l:General Books
บนชั้น
2. วิทยาศาสตร์การแพทย์ และสุขภาพ
วิทยาศาสตร์การแพทย์ และสุขภาพ
QU145 จ483ก ฉ.2 
  Barcode: 29651
ห้องสมุดวิทยาเขตนครสวรรค์
►หนังสือทั่วไป:l:General Books
บนชั้น

รายการใกล้เคียง
    ผู้แต่ง [จินตนา สุวิทวัส]

    หัวเรื่อง [Nutritional Status]
    หัวเรื่อง [ภาวะโภชนาการ]

BibComment


ยังไม่เคยถูกคอมเมนท์

คอมเมนท์ทรัพยากรรายการนี้
  คอมเมนท์: การประเมินภาวะโภ..


 Copyright 2026. Bcnsprnw @Library